[Event "Is Bankasi Online Satranc Turn.13-14 Yas"]
[Site "T#645826Mustafa Kemal"]
[Date "2020.05.08"]
[Round "3"]
[White "Denizozkurt48"]
[Black "Tahasahin54"]
[Result "0-1"]
[WhiteElo "1620"]
[BlackElo "1620"]
[Annotator "NA RC"]
[PlyCount "154"]
[EventDate "2020.05.08"]
[EventType "swiss (blitz)"]

1. e4 {[%emt 0:00:01]} c5 {[%emt 0:00:03]} 2. b3 {[%emt 0:00:02]} b6 {[%emt 0:00:10]} 3. Bb2 {[%emt 0:00:02]} Bb7 {[%emt 0:00:01]} 4. Nc3 {[%emt 0:00:02]} e6 {[%emt 0:00:02]} 5. Nf3 {[%emt 0:00:46]} Nc6 {[%emt 0:00:03]} 6. Bb5 {[%emt 0:00:04]} Nd4 {[%emt 0:00:41]} 7. Nxd4 {[%emt 0:00:06]} cxd4 {[%emt 0:00:01]} 8. Ne2 {[%emt 0:00:01]} Bxe4 {[%emt 0:00:08]} 9. O-O {[%emt 0:00:07]} Qg5 {[%emt 0:00:12]} 10. Ng3 {[%emt 0:00:11]} Bb7 {[%emt 0:00:06]} 11. Bd3 {[%emt 0:00:04]} Nf6 {[%emt 0:00:06]} 12. Bxd4 {[%emt 0:00:05]} h5 {[%emt 0:00:05]} 13. f3 {[%emt 0:00:02]} h4 {[%emt 0:00:09]} 14. Ne4 {[%emt 0:00:03]} Nxe4 {[%emt 0:00:08]} 15. Bxe4 {[%emt 0:00:05]} Bxe4 {[%emt 0:00:04]} 16. fxe4 {[%emt 0:00:01]} Bc5 {[%emt 0:00:13]} 17. Bxc5 {[%emt 0:00:03]} bxc5 {[%emt 0:00:13]} 18. Qf3 {[%emt 0:00:03]} O-O {[%emt 0:00:03]} 19. d3 {[%emt 0:00:01]} d5 {[%emt 0:00:06]} 20. exd5 {[%emt 0:00:04]} exd5 {[%emt 0:00:01]} 21. Rae1 {[%emt 0:00:15]} Rac8 {[%emt 0:00:26]} 22. c4 {[%emt 0:00:17]} dxc4 {[%emt 0:00:04]} 23. dxc4 {[%emt 0:00:00]} Rcd8 {[%emt 0:00:02]} 24. Rd1 {[%emt 0:00:03]} Rxd1 {[%emt 0:00:03]} 25. Rxd1 {[%emt 0:00:01]} Re8 {[%emt 0:00:02]} 26. Rf1 {[%emt 0:00:05]} Qg6 {[%emt 0:00:25]} 27. Qf5 {[%emt 0:00:21]} Qxf5 {[%emt 0:00:08]} 28. Rxf5 {[%emt 0:00:02]} Re2 {[%emt 0:00:01]} 29. Rxc5 {[%emt 0:00:04]} Rxa2 {[%emt 0:00:02]} 30. Rh5 {[%emt 0:00:05]} Rb2 {[%emt 0:00:02]} 31. Ra5 {[%emt 0:00:03]} Rxb3 {[%emt 0:00:03]} 32. Rxa7 {[%emt 0:00:01]} Rc3 {[%emt 0:00:01]} 33. Rc7 {[%emt 0:00:01]} Rc2 {[%emt 0:00:01]} 34. c5 {[%emt 0:00:06]} f6 {[%emt 0:00:01]} 35. c6 {[%emt 0:00:01]} Kh7 {[%emt 0:00:01]} 36. Rc8 {[%emt 0:00:02]} Kg6 {[%emt 0:00:01]} 37. c7 {[%emt 0:00:01]} Kg5 {[%emt 0:00:03]} 38. Kf1 {[%emt 0:00:09]} Kf4 {[%emt 0:00:03]} 39. Ke1 {[%emt 0:00:02]} f5 {[%emt 0:00:03]} 40. Kd1 {[%emt 0:00:01]} Rc6 {[%emt 0:00:01]} 41. Kd2 {[%emt 0:00:01]} g5 {[%emt 0:00:01]} 42. Kd3 {[%emt 0:00:01]} g4 {[%emt 0:00:02]} 43. Kd4 {[%emt 0:00:01]} h3 {[%emt 0:00:05]} 44. gxh3 {[%emt 0:00:04]} gxh3 {[%emt 0:00:02]} 45. Kd5 {[%emt 0:00:01]} Rc3 {[%emt 0:00:04]} 46. Kd6 {[%emt 0:00:01]} Kf3 {[%emt 0:00:02]} 47. Rg8 {[%emt 0:00:02]} f4 {[%emt 0:00:04]} 48. Kd7 {[%emt 0:00:22]} Kf2 {[%emt 0:00:02]} 49. Rf8 {[%emt 0:00:04]} f3 {[%emt 0:00:02]} 50. Rf6 {[%emt 0:00:02]} Rxc7+ {[%emt 0:00:01]} 51. Kxc7 {[%emt 0:00:01]} Kg2 {[%emt 0:00:01]} 52. Kd6 {[%emt 0:00:02]} f2 {[%emt 0:00:01]} 53. Rg6+ {[%emt 0:00:01]} Kxh2 {[%emt 0:00:01]} 54. Rf6 {[%emt 0:00:01]} Kg2 {[%emt 0:00:01]} 55. Rg6+ {[%emt 0:00:01]} Kf1 {[%emt 0:00:02]} 56. Rh6 {[%emt 0:00:01]} Kg1 {[%emt 0:00:03]} 57. Rg6+ {[%emt 0:00:01]} Kh2 {[%emt 0:00:01]} 58. Rf6 {[%emt 0:00:01]} Kg3 {[%emt 0:00:01]} 59. Rg6+ {[%emt 0:00:01]} Kh4 {[%emt 0:00:01]} 60. Rf6 {[%emt 0:00:04]} h2 {[%emt 0:00:02]} 61. Rxf2 {[%emt 0:00:02]} h1=Q {[%emt 0:00:01]} 62. Rf4+ {[%emt 0:00:03]} Kg5 {[%emt 0:00:02]} 63. Rd4 {[%emt 0:00:01]} Kf6 {[%emt 0:00:02]} 64. Kc5 {[%emt 0:00:01]} Ke5 {[%emt 0:00:02]} 65. Rc4 {[%emt 0:00:04]} Qd1 {[%emt 0:00:03]} 66. Kb5 {[%emt 0:00:03]} Qb3+ {[%emt 0:00:03]} 67. Rb4 {[%emt 0:00:02]} Qd3+ {[%emt 0:00:01]} 68. Kc5 {[%emt 0:00:03]} Qd5+ {[%emt 0:00:03]} 69. Kb6 {[%emt 0:00:01]} Kd6 {[%emt 0:00:01]} 70. Rb5 {[%emt 0:00:01]} Qc4 {[%emt 0:00:03]} 71. Ka5 {[%emt 0:00:04]} Kc6 {[%emt 0:00:04]} 72. Rb4 {[%emt 0:00:02]} Qa2+ {[%emt 0:00:04]} 73. Ra4 {[%emt 0:00:01]} Qd2+ {[%emt 0:00:03]} 74. Rb4 {[%emt 0:00:01]} Kc5 {[%emt 0:00:01]} 75. Ka6 {[%emt 0:00:01]} Qxb4 {[%emt 0:00:02]} 76. Ka7 {[%emt 0:00:01]} Kc6 {[%emt 0:00:01]} 77. Ka8 {[%emt 0:00:01]} Qb7# {[%emt 0:00:01] (Lag: Av=1.58s, max=2.3s)} 0-1

[Event "Is Bankasi Online Satranc Turn.13-14 Yas"]
[Site "T#645826Mustafa Kemal"]
[Date "2020.05.08"]
[Round "3"]
[White "Denizyildiz42"]
[Black "Abdullahefeani74"]
[Result "0-1"]
[WhiteElo "1620"]
[BlackElo "1442"]
[Annotator "NA RC"]
[PlyCount "74"]
[EventDate "2020.05.08"]
[EventType "swiss (blitz)"]

1. e4 {[%emt 0:00:04]} d6 {[%emt 0:00:04]} 2. Bc4 {[%emt 0:00:02]} Nd7 {[%emt 0:00:03]} 3. Qh5 {[%emt 0:00:05]} e6 {[%emt 0:00:04]} 4. Nf3 {[%emt 0:00:02]} Ngf6 {[%emt 0:00:02]} 5. Qg5 {[%emt 0:00:09]} Nxe4 {[%emt 0:00:16]} 6. Qe3 {[%emt 0:00:12]} Nef6 {[%emt 0:00:03]} 7. Ng5 {[%emt 0:00:05]} Be7 {[%emt 0:00:04]} 8. O-O {[%emt 0:00:03]} O-O {[%emt 0:00:02]} 9. Bd3 {[%emt 0:00:07]} h6 {[%emt 0:00:03]} 10. Nh3 {[%emt 0:00:16]} e5 {[%emt 0:00:07]} 11. Nc3 {[%emt 0:00:06]} c6 {[%emt 0:00:04]} 12. Bf5 {[%emt 0:00:06]} Qc7 {[%emt 0:00:07]} 13. Bxd7 {[%emt 0:00:13]} Bxd7 {[%emt 0:00:00]} 14. f3 {[%emt 0:00:23]} Bxh3 {[%emt 0:00:12]} 15. gxh3 {[%emt 0:00:03]} b6 {[%emt 0:00:10]} 16. Ne4 {[%emt 0:00:07]} d5 {[%emt 0:00:14]} 17. Nxf6+ {[%emt 0:00:02]} Bxf6 {[%emt 0:00:02]} 18. d3 {[%emt 0:00:03]} Be7 {[%emt 0:00:02]} 19. f4 {[%emt 0:00:13]} Bc5 {[%emt 0:00:03]} 20. Qxc5 {[%emt 0:00:29]} bxc5 {[%emt 0:00:03]} 21. f5 {[%emt 0:00:03]} Qd6 {[%emt 0:00:07]} 22. Be3 {[%emt 0:00:05]} d4 {[%emt 0:00:02]} 23. Bd2 {[%emt 0:00:04]} Qf6 {[%emt 0:00:09]} 24. c3 {[%emt 0:00:09]} dxc3 {[%emt 0:00:03]} 25. Bxc3 {[%emt 0:00:01]} Rad8 {[%emt 0:00:04]} 26. Rad1 {[%emt 0:00:02]} Qg5+ {[%emt 0:00:04]} 27. Kh1 {[%emt 0:00:09]} Rd5 {[%emt 0:00:03]} 28. Bd2 {[%emt 0:00:06]} Qf6 {[%emt 0:00:04]} 29. Be3 {[%emt 0:00:02]} Rfd8 {[%emt 0:00:03]} 30. Rd2 {[%emt 0:00:07]} Rxd3 {[%emt 0:00:03]} 31. Rxd3 {[%emt 0:00:01]} Rxd3 {[%emt 0:00:02]} 32. Bxc5 {[%emt 0:00:01]} Rd2 {[%emt 0:00:05]} 33. Bb4 {[%emt 0:00:12]} Rxb2 {[%emt 0:00:03]} 34. a3 {[%emt 0:00:02]} Qg5 {[%emt 0:00:02]} 35. Rg1 {[%emt 0:00:04]} Qxf5 {[%emt 0:00:04]} 36. Rd1 {[%emt 0:00:04]} Qf3+ {[%emt 0:00:05]} 37. Kg1 {[%emt 0:00:05]} Qg2# {[%emt 0:00:01] (Lag: Av=1.16s, max=2.0s)} 0-1

[Event "Is Bankasi Online Satranc Turn.13-14 Yas"]
[Site "T#645826Mustafa Kemal"]
[Date "2020.05.08"]
[Round "3"]
[White "Dorukulker32"]
[Black "Oguzkagankazik74"]
[Result "0-1"]
[WhiteElo "1620"]
[BlackElo "1620"]
[Annotator "NA RC"]
[PlyCount "72"]
[EventDate "2020.05.08"]
[EventType "swiss (blitz)"]

1. d4 {[%emt 0:00:05]} Nf6 {[%emt 0:00:02]} 2. Nf3 {[%emt 0:00:02]} b6 {[%emt 0:00:02]} 3. e3 {[%emt 0:00:02]} Bb7 {[%emt 0:00:02]} 4. Bd3 {[%emt 0:00:01]} e6 {[%emt 0:00:01]} 5. Nbd2 {[%emt 0:00:02]} c5 {[%emt 0:00:01]} 6. b3 {[%emt 0:00:04]} Be7 {[%emt 0:00:02]} 7. Bb2 {[%emt 0:00:01]} O-O {[%emt 0:00:01]} 8. O-O {[%emt 0:00:02]} d6 {[%emt 0:00:01]} 9. Qe2 {[%emt 0:00:03]} a6 {[%emt 0:00:04]} 10. a3 {[%emt 0:00:15]} Nbd7 {[%emt 0:00:03]} 11. Rac1 {[%emt 0:00:02]} Qc7 {[%emt 0:00:02]} 12. c4 {[%emt 0:00:24]} Rfe8 {[%emt 0:00:04]} 13. Rfd1 {[%emt 0:00:06]} Bf8 {[%emt 0:00:06]} 14. Bb1 {[%emt 0:00:28]} cxd4 {[%emt 0:00:03]} 15. exd4 {[%emt 0:00:02]} e5 {[%emt 0:00:09]} 16. dxe5 {[%emt 0:00:05]} dxe5 {[%emt 0:00:02]} 17. Ne4 {[%emt 0:00:06]} Nxe4 {[%emt 0:00:53]} 18. Bxe4 {[%emt 0:00:07]} Bxe4 {[%emt 0:00:19]} 19. Qxe4 {[%emt 0:00:02]} Rad8 {[%emt 0:00:19]} 20. Qe2 {[%emt 0:00:14]} e4 {[%emt 0:00:11]} 21. Nd2 {[%emt 0:00:12]} Nc5 {[%emt 0:00:03]} 22. b4 {[%emt 0:01:10]} Nd3 {[%emt 0:00:03]} 23. Rc2 {[%emt 0:00:01]} e3 {[%emt 0:00:52]} 24. fxe3 {[%emt 0:00:07]} Nxb2 {[%emt 0:00:17]} 25. Rxb2 {[%emt 0:00:02]} Qe5 {[%emt 0:00:00]} 26. Rc2 {[%emt 0:00:04]} Qxe3+ {[%emt 0:00:02]} 27. Qxe3 {[%emt 0:00:01]} Rxe3 {[%emt 0:00:00]} 28. Kf2 {[%emt 0:00:01]} Red3 {[%emt 0:00:02]} 29. Ke2 {[%emt 0:00:03]} g6 {[%emt 0:00:02]} 30. Rcc1 {[%emt 0:00:01]} Bh6 {[%emt 0:00:01]} 31. Rc2 {[%emt 0:00:04]} Kf8 {[%emt 0:00:05]} 32. h4 {[%emt 0:00:01]} Kg7 {[%emt 0:00:07]} 33. g4 {[%emt 0:00:01]} Bf4 {[%emt 0:00:02]} 34. a4 {[%emt 0:00:04]} h6 {[%emt 0:00:03]} 35. b5 {[%emt 0:00:02]} a5 {[%emt 0:00:02]} 36. c5 {[%emt 0:00:01]} bxc5 {[%emt 0:00:04] Zaman (Lag: Av=0.54s, max=0.9s)} 0-1

[Event "Is Bankasi Online Satranc Turn.13-14 Yas"]
[Site "T#645826Mustafa Kemal"]
[Date "2020.05.08"]
[Round "3"]
[White "Efemetehanyavu96"]
[Black "Ardazengin04"]
[Result "1-0"]
[WhiteElo "1620"]
[BlackElo "1572"]
[Annotator "NA RC"]
[PlyCount "55"]
[EventDate "2020.05.08"]
[EventType "swiss (blitz)"]

1. Nf3 {[%emt 0:00:03]} d5 {[%emt 0:00:05]} 2. g3 {[%emt 0:00:04]} c6 {[%emt 0:00:03]} 3. Bg2 {[%emt 0:00:01]} h5 {[%emt 0:00:03]} 4. h3 {[%emt 0:00:06]} f6 {[%emt 0:00:09]} 5. c4 {[%emt 0:00:06]} e5 {[%emt 0:00:05]} 6. Nh4 {[%emt 0:00:12]} Kf7 {[%emt 0:00:30]} 7. Qb3 {[%emt 0:00:20]} d4 {[%emt 0:00:09]} 8. c5+ {[%emt 0:00:04]} Ke8 {[%emt 0:00:18]} 9. d3 {[%emt 0:00:26]} Qa5+ {[%emt 0:00:45]} 10. Bd2 {[%emt 0:00:04]} Qxc5 {[%emt 0:00:01]} 11. Ng6 {[%emt 0:00:03]} Na6 {[%emt 0:00:26]} 12. Nxh8 {[%emt 0:00:06]} Nh6 {[%emt 0:00:08]} 13. Bxh6 {[%emt 0:00:12]} gxh6 {[%emt 0:00:08]} 14. O-O {[%emt 0:00:05]} Qe7 {[%emt 0:00:18]} 15. Ng6 {[%emt 0:00:14]} Qg7 {[%emt 0:00:05]} 16. Nxf8 {[%emt 0:00:03]} Qxf8 {[%emt 0:00:00]} 17. Nd2 {[%emt 0:00:02]} h4 {[%emt 0:00:10]} 18. Qc4 {[%emt 0:00:14]} hxg3 {[%emt 0:00:06]} 19. fxg3 {[%emt 0:00:00]} Qg7 {[%emt 0:00:01]} 20. Kh2 {[%emt 0:00:01]} h5 {[%emt 0:00:01]} 21. Bxc6+ {[%emt 0:00:08]} bxc6 {[%emt 0:00:05]} 22. Qxc6+ {[%emt 0:00:00]} Kf8 {[%emt 0:00:03]} 23. Rxf6+ {[%emt 0:00:03]} Kg8 {[%emt 0:00:01]} 24. Rg6 {[%emt 0:00:01]} Qxg6 {[%emt 0:00:01]} 25. Qxg6+ {[%emt 0:00:00]} Kf8 {[%emt 0:00:00]} 26. Rf1+ {[%emt 0:00:06]} Ke7 {[%emt 0:00:01]} 27. Rf7+ {[%emt 0:00:02]} Kd8 {[%emt 0:00:01]} 28. Qg8# {[%emt 0:00:00] (Lag: Av=1.25s, max=1.9s)} 1-0

[Event "Is Bankasi Online Satranc Turn.13-14 Yas"]
[Site "T#645826Mustafa Kemal"]
[Date "2020.05.08"]
[Round "3"]
[White "Efesay24"]
[Black "Berkaysavasan12"]
[Result "1-0"]
[WhiteElo "1620"]
[BlackElo "1620"]
[Annotator "NA RC"]
[PlyCount "49"]
[EventDate "2020.05.08"]
[EventType "swiss (blitz)"]

1. d4 {[%emt 0:00:03]} e6 {[%emt 0:00:02]} 2. c4 {[%emt 0:00:01]} d5 {[%emt 0:00:02]} 3. Nc3 {[%emt 0:00:01]} Nf6 {[%emt 0:00:14]} 4. Bg5 {[%emt 0:00:02]} Nbd7 {[%emt 0:00:11]} 5. Nf3 {[%emt 0:00:02]} h6 {[%emt 0:00:03]} 6. Bh4 {[%emt 0:00:04]} g5 {[%emt 0:00:03]} 7. Bg3 {[%emt 0:00:02]} Nb6 {[%emt 0:00:03]} 8. cxd5 {[%emt 0:00:10]} exd5 {[%emt 0:00:03]} 9. Rc1 {[%emt 0:00:03]} Bb4 {[%emt 0:00:04]} 10. a3 {[%emt 0:00:05]} Bxc3+ {[%emt 0:00:06]} 11. Rxc3 {[%emt 0:00:01]} Ne4 {[%emt 0:00:03]} 12. Bxc7 {[%emt 0:00:14]} Nxc3 {[%emt 0:00:09]} 13. Bxd8 {[%emt 0:00:07]} Nxd1 {[%emt 0:00:02]} 14. Bf6 {[%emt 0:00:01]} O-O {[%emt 0:00:18]} 15. Kxd1 {[%emt 0:00:03]} Nc4 {[%emt 0:00:05]} 16. e3 {[%emt 0:00:03]} Nxb2+ {[%emt 0:00:06]} 17. Kc2 {[%emt 0:00:03]} Nc4 {[%emt 0:00:02]} 18. Bxc4 {[%emt 0:00:03]} Be6 {[%emt 0:00:05]} 19. Bd3 {[%emt 0:00:07]} Rac8+ {[%emt 0:00:08]} 20. Kd2 {[%emt 0:00:04]} g4 {[%emt 0:00:09]} 21. Ne5 {[%emt 0:00:05]} a6 {[%emt 0:00:15]} 22. h3 {[%emt 0:00:06]} gxh3 {[%emt 0:00:05]} 23. gxh3 {[%emt 0:00:03]} b5 {[%emt 0:00:09]} 24. Rg1+ {[%emt 0:00:03]} Bg4 {[%emt 0:00:17]} 25. Rxg4# {[%emt 0:00:03] (Lag: Av=0.71s, max=0.9s)} 1-0

[Event "Is Bankasi Online Satranc Turn.13-14 Yas"]
[Site "T#645826Mustafa Kemal"]
[Date "2020.05.08"]
[Round "3"]
[White "Egecakir92"]
[Black "Beratkocu96"]
[Result "1-0"]
[WhiteElo "1620"]
[BlackElo "1620"]
[Annotator "NA RC"]
[PlyCount "101"]
[EventDate "2020.05.08"]
[EventType "swiss (blitz)"]

1. d4 {[%emt 0:00:05]} d5 {[%emt 0:00:02]} 2. Nf3 {[%emt 0:00:01]} Nf6 {[%emt 0:00:01]} 3. Bg5 {[%emt 0:00:02]} Bg4 {[%emt 0:00:01]} 4. e3 {[%emt 0:00:02]} e6 {[%emt 0:00:01]} 5. Nbd2 {[%emt 0:00:07]} c5 {[%emt 0:00:03]} 6. c3 {[%emt 0:00:02]} Nc6 {[%emt 0:00:02]} 7. h3 {[%emt 0:00:01]} Bf5 {[%emt 0:00:02]} 8. Ne5 {[%emt 0:00:05]} Be7 {[%emt 0:00:06]} 9. Nxc6 {[%emt 0:00:12]} bxc6 {[%emt 0:00:02]} 10. Qa4 {[%emt 0:00:02]} Qd7 {[%emt 0:00:10]} 11. Nf3 {[%emt 0:00:02]} cxd4 {[%emt 0:00:06]} 12. Nxd4 {[%emt 0:00:25]} c5 {[%emt 0:00:07]} 13. Bb5 {[%emt 0:00:14]} cxd4 {[%emt 0:00:11]} 14. Bxd7+ {[%emt 0:00:03]} Nxd7 {[%emt 0:00:00]} 15. Bxe7 {[%emt 0:00:01]} Kxe7 {[%emt 0:00:01]} 16. cxd4 {[%emt 0:00:01]} Rhc8 {[%emt 0:00:05]} 17. O-O {[%emt 0:00:02]} Nb6 {[%emt 0:00:02]} 18. Qb4+ {[%emt 0:00:03]} Ke8 {[%emt 0:00:08]} 19. Rac1 {[%emt 0:00:02]} Bd3 {[%emt 0:00:04]} 20. Rfe1 {[%emt 0:00:09]} Rab8 {[%emt 0:00:10]} 21. Rxc8+ {[%emt 0:00:06]} Rxc8 {[%emt 0:00:01]} 22. Qa5 {[%emt 0:00:02]} Rc7 {[%emt 0:00:11]} 23. a4 {[%emt 0:00:05]} Kf8 {[%emt 0:00:03]} 24. Qb4+ {[%emt 0:00:02]} Ke8 {[%emt 0:00:02]} 25. a5 {[%emt 0:00:01]} Nc8 {[%emt 0:00:03]} 26. Qb8 {[%emt 0:00:08]} Kd8 {[%emt 0:00:01]} 27. b4 {[%emt 0:00:07]} Ba6 {[%emt 0:00:07]} 28. b5 {[%emt 0:00:27]} Bb7 {[%emt 0:00:04]} 29. b6 {[%emt 0:00:07]} axb6 {[%emt 0:00:05]} 30. axb6 {[%emt 0:00:01]} Rd7 {[%emt 0:00:06]} 31. Rc1 {[%emt 0:00:01]} f6 {[%emt 0:00:18]} 32. Rc7 {[%emt 0:00:06]} Ba6 {[%emt 0:00:02]} 33. Rxd7+ {[%emt 0:00:02]} Kxd7 {[%emt 0:00:00]} 34. Qc7+ {[%emt 0:00:01]} Ke8 {[%emt 0:00:01]} 35. b7 {[%emt 0:00:01]} Bxb7 {[%emt 0:00:03]} 36. Qxb7 {[%emt 0:00:02]} Ne7 {[%emt 0:00:00]} 37. Qb8+ {[%emt 0:00:01]} Kf7 {[%emt 0:00:01]} 38. g4 {[%emt 0:00:01]} h6 {[%emt 0:00:01]} 39. Qc7 {[%emt 0:00:01]} Kf8 {[%emt 0:00:03]} 40. Qd8+ {[%emt 0:00:01]} Kf7 {[%emt 0:00:01]} 41. Kg2 {[%emt 0:00:01]} Ng6 {[%emt 0:00:02]} 42. f4 {[%emt 0:00:03]} Ne7 {[%emt 0:00:01]} 43. Kg3 {[%emt 0:00:01]} Ng6 {[%emt 0:00:01]} 44. f5 {[%emt 0:00:01]} exf5 {[%emt 0:00:07]} 45. gxf5 {[%emt 0:00:03]} Ne7 {[%emt 0:00:02]} 46. Qd7 {[%emt 0:00:01]} Kf8 {[%emt 0:00:03]} 47. Kf4 {[%emt 0:00:02]} Kf7 {[%emt 0:00:01]} 48. e4 {[%emt 0:00:01]} dxe4 {[%emt 0:00:01]} 49. Kxe4 {[%emt 0:00:01]} Kf8 {[%emt 0:00:03]} 50. d5 {[%emt 0:00:01]} Kf7 {[%emt 0:00:04]} 51. d6 {[%emt 0:00:02] Beratkocu96 terk eder (Lag: Av=1.31s, max=2.4s)} 1-0

[Event "Is Bankasi Online Satranc Turn.13-14 Yas"]
[Site "T#645826Mustafa Kemal"]
[Date "2020.05.08"]
[Round "3"]
[White "Egemenkorkmaz54"]
[Black "Orkuncagankose80"]
[Result "1-0"]
[WhiteElo "1620"]
[BlackElo "1620"]
[Annotator "NA RC"]
[PlyCount "97"]
[EventDate "2020.05.08"]
[EventType "swiss (blitz)"]

1. e4 {[%emt 0:00:05]} e5 {[%emt 0:00:04]} 2. Nf3 {[%emt 0:00:01]} Nc6 {[%emt 0:00:02]} 3. c3 {[%emt 0:00:01]} Nf6 {[%emt 0:00:03]} 4. d4 {[%emt 0:00:02]} exd4 {[%emt 0:00:01]} 5. e5 {[%emt 0:00:01]} Ne4 {[%emt 0:00:12]} 6. Qe2 {[%emt 0:00:09]} Nc5 {[%emt 0:00:06]} 7. cxd4 {[%emt 0:00:04]} Ne6 {[%emt 0:00:02]} 8. d5 {[%emt 0:00:07]} Ncd4 {[%emt 0:00:03]} 9. Nxd4 {[%emt 0:00:03]} Nxd4 {[%emt 0:00:01]} 10. Qd3 {[%emt 0:00:05]} Bc5 {[%emt 0:00:11]} 11. Be3 {[%emt 0:00:12]} Qh4 {[%emt 0:00:16]} 12. g3 {[%emt 0:00:20]} Qg4 {[%emt 0:00:06]} 13. Bg2 {[%emt 0:00:37]} Nf3+ {[%emt 0:00:34]} 14. Bxf3 {[%emt 0:00:14]} Qxf3 {[%emt 0:00:04]} 15. O-O {[%emt 0:00:16]} Bxe3 {[%emt 0:00:04]} 16. fxe3 {[%emt 0:00:06]} Qh5 {[%emt 0:00:12]} 17. Nc3 {[%emt 0:00:05]} Qxe5 {[%emt 0:00:07]} 18. e4 {[%emt 0:00:13]} O-O {[%emt 0:00:04]} 19. Rf4 {[%emt 0:00:04]} d6 {[%emt 0:00:03]} 20. Raf1 {[%emt 0:00:02]} Qh5 {[%emt 0:00:07]} 21. Nb5 {[%emt 0:00:14]} Bd7 {[%emt 0:00:35]} 22. Nxc7 {[%emt 0:00:08]} Rac8 {[%emt 0:00:01]} 23. Nb5 {[%emt 0:00:05]} Bxb5 {[%emt 0:00:07]} 24. Qxb5 {[%emt 0:00:03]} b6 {[%emt 0:00:01]} 25. Qd3 {[%emt 0:00:04]} Rc7 {[%emt 0:00:07]} 26. Rh4 {[%emt 0:00:06]} Qe5 {[%emt 0:00:07]} 27. b3 {[%emt 0:00:09]} h6 {[%emt 0:00:02]} 28. Qf3 {[%emt 0:00:11]} Rc3 {[%emt 0:00:13]} 29. Qf4 {[%emt 0:00:02]} Qxf4 {[%emt 0:00:04]} 30. Rhxf4 {[%emt 0:00:01]} Re3 {[%emt 0:00:04]} 31. Kf2 {[%emt 0:00:02]} Rc3 {[%emt 0:00:08]} 32. Kg2 {[%emt 0:00:03]} Rc2+ {[%emt 0:00:01]} 33. R1f2 {[%emt 0:00:01]} Rxf2+ {[%emt 0:00:02]} 34. Rxf2 {[%emt 0:00:01]} Re8 {[%emt 0:00:02]} 35. Kf3 {[%emt 0:00:01]} Re5 {[%emt 0:00:02]} 36. Rc2 {[%emt 0:00:02]} f5 {[%emt 0:00:05]} 37. exf5 {[%emt 0:00:03]} Rxf5+ {[%emt 0:00:01]} 38. Ke4 {[%emt 0:00:01]} Rf7 {[%emt 0:00:03]} 39. Rc6 {[%emt 0:00:03]} Rd7 {[%emt 0:00:03]} 40. Kf5 {[%emt 0:00:02]} Kf7 {[%emt 0:00:01]} 41. a4 {[%emt 0:00:05]} g6+ {[%emt 0:00:04]} 42. Kf4 {[%emt 0:00:01]} g5+ {[%emt 0:00:02]} 43. Kf5 {[%emt 0:00:02]} Rd8 {[%emt 0:00:06]} 44. Rc7+ {[%emt 0:00:03]} Ke8 {[%emt 0:00:03]} 45. Rxa7 {[%emt 0:00:01]} Rc8 {[%emt 0:00:01]} 46. Rb7 {[%emt 0:00:03]} Rc5 {[%emt 0:00:01]} 47. Rxb6 {[%emt 0:00:01]} Rxd5+ {[%emt 0:00:00]} 48. Ke6 {[%emt 0:00:01]} Rd3 {[%emt 0:00:01]} 49. Rb8# {[%emt 0:00:01] (Lag: Av=0.81s, max=1.4s)} 1-0

[Event "Is Bankasi Online Satranc Turn.13-14 Yas"]
[Site "T#645826Mustafa Kemal"]
[Date "2020.05.08"]
[Round "3"]
[White "Egemustafaceli18"]
[Black "Abdullahakarca18"]
[Result "1-0"]
[WhiteElo "1620"]
[BlackElo "1424"]
[Annotator "NA RC"]
[PlyCount "93"]
[EventDate "2020.05.08"]
[EventType "swiss (blitz)"]

1. e4 {[%emt 0:00:04]} Nf6 {[%emt 0:00:01]} 2. Nc3 {[%emt 0:00:02]} d6 {[%emt 0:00:02]} 3. d4 {[%emt 0:00:02]} e6 {[%emt 0:00:07]} 4. Nf3 {[%emt 0:00:05]} Nc6 {[%emt 0:00:03]} 5. Bb5 {[%emt 0:00:09]} Bd7 {[%emt 0:00:09]} 6. O-O {[%emt 0:00:03]} Be7 {[%emt 0:00:02]} 7. b3 {[%emt 0:00:10]} O-O {[%emt 0:00:03]} 8. Bb2 {[%emt 0:00:02]} a6 {[%emt 0:00:09]} 9. Be2 {[%emt 0:00:07]} Nb8 {[%emt 0:00:03]} 10. d5 {[%emt 0:00:07]} exd5 {[%emt 0:00:05]} 11. exd5 {[%emt 0:00:02]} Bg4 {[%emt 0:00:07]} 12. h3 {[%emt 0:00:05]} Bxf3 {[%emt 0:00:02]} 13. Bxf3 {[%emt 0:00:02]} Nbd7 {[%emt 0:00:05]} 14. Re1 {[%emt 0:00:02]} h6 {[%emt 0:00:08]} 15. Qd4 {[%emt 0:00:04]} Qe8 {[%emt 0:00:07]} 16. Ne4 {[%emt 0:00:02]} Rd8 {[%emt 0:00:07]} 17. c4 {[%emt 0:00:22]} b6 {[%emt 0:00:15]} 18. Re3 {[%emt 0:00:04]} a5 {[%emt 0:00:02]} 19. Rae1 {[%emt 0:00:02]} Ne5 {[%emt 0:00:22]} 20. Ng3 {[%emt 0:00:24]} Rd7 {[%emt 0:00:03]} 21. Nf5 {[%emt 0:00:06]} g6 {[%emt 0:00:21]} 22. Nxh6+ {[%emt 0:00:38]} Kg7 {[%emt 0:00:33]} 23. Ng4 {[%emt 0:00:07]} Rh8 {[%emt 0:00:07]} 24. Nxe5 {[%emt 0:00:07]} c5 {[%emt 0:00:05]} 25. Qf4 {[%emt 0:00:18]} dxe5 {[%emt 0:00:10]} 26. Bxe5 {[%emt 0:00:02]} b5 {[%emt 0:00:05]} 27. Bxf6+ {[%emt 0:00:03]} Bxf6 {[%emt 0:00:26]} 28. Rxe8 {[%emt 0:00:02]} Rxe8 {[%emt 0:00:02]} 29. Rxe8 {[%emt 0:00:02]} bxc4 {[%emt 0:00:03]} 30. bxc4 {[%emt 0:00:02]} Re7 {[%emt 0:00:02]} 31. Rxe7 {[%emt 0:00:02]} Bxe7 {[%emt 0:00:01]} 32. Qe5+ {[%emt 0:00:02]} Bf6 {[%emt 0:00:01]} 33. Qc7 {[%emt 0:00:02]} Bd4 {[%emt 0:00:02]} 34. d6 {[%emt 0:00:04]} Bc3 {[%emt 0:00:02]} 35. d7 {[%emt 0:00:02]} Bf6 {[%emt 0:00:02]} 36. d8=Q {[%emt 0:00:03]} Bxd8 {[%emt 0:00:01]} 37. Qxd8 {[%emt 0:00:01]} Kh6 {[%emt 0:00:01]} 38. Qxa5 {[%emt 0:00:01]} Kg5 {[%emt 0:00:00]} 39. Qxc5+ {[%emt 0:00:01]} Kf6 {[%emt 0:00:00]} 40. a4 {[%emt 0:00:02]} Kg7 {[%emt 0:00:00]} 41. a5 {[%emt 0:00:01]} Kh6 {[%emt 0:00:00]} 42. a6 {[%emt 0:00:00]} Kg7 {[%emt 0:00:02]} 43. a7 {[%emt 0:00:01]} Kh6 {[%emt 0:00:01]} 44. a8=Q {[%emt 0:00:01]} f5 {[%emt 0:00:00]} 45. Qaf8+ {[%emt 0:00:02]} Kg5 {[%emt 0:00:07]} 46. Qe3+ {[%emt 0:00:01]} f4 {[%emt 0:00:02]} 47. Qfxf4# {[%emt 0:00:01] (Lag: Av=0.54s, max=0.7s)} 1-0